[Event "GER-ch Seniors 65 31st"]
[Site "Radebeul"]
[Date "2019.05.03"]
[Round "8"]
[White "Moews, Harald"]
[Black "Strehlow, Horst"]
[Result "1-0"]
[WhiteElo "1737"]
[BlackElo "1946"]
[PlyCount "109"]
[EventDate "2019.04.26"]
[EventType "swiss"]
[EventRounds "9"]
[EventCountry "GER"]
[SourceTitle "CBM 190 Extra"]
[Source "ChessBase"]
[SourceDate "2019.07.15"]
[SourceVersion "1"]
[SourceVersionDate "2019.07.15"]
[SourceQuality "1"]

1. e4 e6 2. d4 d5 3. e5 c5 4. Bb5+ Nc6 5. c3 Bd7 6. Bxc6 bxc6 7. f4 cxd4 8. cxd4 Ne7 9. a3 c5 10. Nf3 Nf5 11. Nc3 Rc8 12. 0-0 cxd4 13. Ne2 Qb6 14. Kh1 Bb5 15. Re1 Bxe2 16. Rxe2 h5 17. Qd3 a5 18. g3 Be7 19. Kg2 0-0 20. h3 Rc4 21. g4 hxg4 22. hxg4 Nh6 23. Kg3 Rfc8 24. Re1 g6 25. Nd2 R4c6 26. Nb3 Rc4 27. Rd1 a4 28. Nxd4 Bc5 29. Ne2 Qb3 30. Qxb3 axb3 31. Rd3 Rc2 32. Kf3 Nxg4 33. Kxg4 Rxe2 34. Rxb3 Bd4 35. Rd3 Bxb2 36. Bxb2 Rxb2 37. a4 Rb4 38. a5 Rcc4 39. a6 Ra4 40. Rda3 Rxa3 41. Rxa3 Rc8 42. a7 Ra8 43. Kf3 Kg7 44. Ke3 Kh6 45. Kd4 g5 46. fxg5+ Kxg5 47. Ra6 Kf5 48. Ra2 Kg4 49. Ra6 Kf3 50. Ra3+ Ke2 51. Kc5 d4 52. Kxd4 Kd2 53. Kc5 Kc2 54. Kb6 Kb2 55. Rf3 1-0

[Event "GER-ch Seniors 65 31st"]
[Site "Radebeul"]
[Date "2019.05.02"]
[Round "7"]
[White "Strehlow, Horst"]
[Black "Mertens, Gottfried"]
[Result "1-0"]
[WhiteElo "1946"]
[BlackElo "1782"]
[PlyCount "116"]
[EventDate "2019.04.26"]
[EventType "swiss"]
[EventRounds "9"]
[EventCountry "GER"]
[SourceTitle "CBM 190 Extra"]
[Source "ChessBase"]
[SourceDate "2019.07.15"]
[SourceVersion "1"]
[SourceVersionDate "2019.07.15"]
[SourceQuality "1"]

1. e4 e6 2. d4 d5 3. Nd2 Nf6 4. e5 Ne4 5. Bd3 Nxd2 6. Bxd2 c5 7. c3 Bd7 8. dxc5 Bxc5 9. Qg4 Bf8 10. Nf3 Qb6 11. 0-0 Bb5 12. Bxb5+ Qxb5 13. a4 Qc4 14. Qxc4 dxc4 15. Rfe1 Nd7 16. Re4 Rc8 17. a5 b5 18. axb6 axb6 19. Be3 Be7 20. Ra7 Bd8 21. Rd4 Nb8 22. Rb7 0-0 23. Rg4 h5 24. Re4 Bc7 25. Rxc4 Na6 26. Bxb6 Bxb6 27. Rxc8 Bxf2+ 28. Kxf2 Rxc8 29. Ng5 Nc5 30. Rb5 f6 31. exf6 gxf6 32. Nf3 e5 33. Ke3 Rc6 34. b3 Kf7 35. c4 Kg6 36. g3 Ne6 37. Ke4 Nc7 38. Nh4+ Kg5 39. Rb8 Ne6 40. Kd5 Nd4 41. Nf3+ Nxf3 42. Kxc6 e4 43. Kd5 e3 44. Ra8 e2 45. Ra1 e1Q 46. Rxe1 Nxe1 47. c5 Nd3 48. c6 Nb4+ 49. Kd6 Na6 50. c7 Nxc7 51. Kxc7 h4 52. b4 hxg3 53. hxg3 Kg4 54. b5 Kxg3 55. b6 f5 56. b7 f4 57. b8Q Kh2 58. Qh8+ Kg2 1-0

[Event "Berlin-ch Seniors op 31st"]
[Site "Berlin"]
[Date "2015.02.06"]
[Round "8"]
[White "Strehlow, Horst"]
[Black "Herrmann, Eberhard"]
[Result "0-1"]
[WhiteElo "2004"]
[BlackElo "1713"]
[PlyCount "70"]
[EventDate "2015.01.29"]
[EventType "swiss"]
[EventRounds "9"]
[EventCountry "GER"]
[SourceTitle "EXT 2018"]
[Source "ChessBase"]
[SourceDate "2017.10.13"]
[SourceVersion "1"]
[SourceVersionDate "2017.10.13"]
[SourceQuality "1"]

1. e4 c5 2. Nf3 Nc6 3. d4 cxd4 4. Nxd4 e5 5. Nb5 d6 6. a4 a6 7. N5c3 Nf6 8. Na3 Be7 9. Nc4 Be6 10. Be3 0-0 11. Nb6 Rb8 12. f3 Nd7 13. Nbd5 f5 14. exf5 Bxf5 15. Qd2 Nf6 16. 0-0-0 Nxd5 17. Nxd5 Rc8 18. Bc4 Kh8 19. Nb6 Rc7 20. Kb1 e4 21. Bb3 exf3 22. gxf3 Ne5 23. f4 Ng4 24. Nd5 Nxe3 25. Qxe3 Rd7 26. Nxe7 Rxe7 27. Qd2 Bg4 28. Rde1 h6 29. Rxe7 Qxe7 30. Re1 Qf6 31. Re4 Bf5 32. Rb4 Qe7 33. Qd5 Qe1+ 34. Ka2 Qxb4 35. c3 Qb6 0-1

[Event "Berlin-ch Seniors op 31st"]
[Site "Berlin"]
[Date "2015.02.03"]
[Round "5"]
[White "Paul, Reinhart"]
[Black "Strehlow, Horst"]
[Result "1/2-1/2"]
[WhiteElo "1927"]
[BlackElo "2004"]
[PlyCount "81"]
[EventDate "2015.01.29"]
[EventType "swiss"]
[EventRounds "9"]
[EventCountry "GER"]
[SourceTitle "EXT 2018"]
[Source "ChessBase"]
[SourceDate "2017.10.13"]
[SourceVersion "1"]
[SourceVersionDate "2017.10.13"]
[SourceQuality "1"]

1. e4 e6 2. d4 d5 3. Nd2 Nf6 4. e5 Nfd7 5. c3 c5 6. a3 cxd4 7. cxd4 Nc6 8. Ndf3 a5 9. Bd3 Be7 10. Ne2 Nb6 11. 0-0 a4 12. Nc3 Bd7 13. Bc2 Na5 14. Nxa4 0-0 15. Nxb6 Qxb6 16. Bg5 Qd8 17. Qd3 g6 18. Bxe7 Qxe7 19. b3 Rfc8 20. h3 Bb5 21. Qxb5 Rxc2 22. Rfc1 Rxc1+ 23. Rxc1 Qxa3 24. Rc7 Qxb3 25. Qd7 Qd1+ 26. Kh2 Rf8 27. Ng5 Qxd4 28. Qxf7+ Rxf7 29. Rc8+ Rf8 30. Rxf8+ Kxf8 31. Nxe6+ Ke7 32. Nxd4 Nc6 33. Nxc6+ bxc6 34. f4 c5 35. Kg1 c4 36. Kf2 c3 37. Ke2 d4 38. Kd3 Ke6 39. g3 h5 40. h4 Kd5 41. Kc2 1/2-1/2

[Event "Berlin-ch Seniors op 31st"]
[Site "Berlin"]
[Date "2015.02.02"]
[Round "4"]
[White "Strehlow, Horst"]
[Black "Willin, Bernhard"]
[Result "1-0"]
[WhiteElo "2004"]
[BlackElo "1752"]
[PlyCount "102"]
[EventDate "2015.01.29"]
[EventType "swiss"]
[EventRounds "9"]
[EventCountry "GER"]
[SourceTitle "EXT 2018"]
[Source "ChessBase"]
[SourceDate "2017.10.13"]
[SourceVersion "1"]
[SourceVersionDate "2017.10.13"]
[SourceQuality "1"]

1. e4 e5 2. Nf3 d6 3. d4 Nd7 4. Bc4 Ngf6 5. dxe5 Nxe5 6. Nxe5 dxe5 7. Bxf7+ Ke7 8. Qxd8+ Kxd8 9. f3 Bc5 10. Nc3 c6 11. Bd2 Rf8 12. Bb3 b5 13. 0-0-0 Kc7 14. Ne2 a5 15. a4 b4 16. Bc4 Bd7 17. b3 Rae8 18. Ng3 g6 19. Bh6 Bc8 20. Bxf8 Rxf8 21. h4 h5 22. Ne2 Ne8 23. Rhf1 Ng7 24. c3 bxc3 25. Nxc3 Ne6 26. Ne2 Be7 27. g3 Nc5 28. Kc2 Na6 29. f4 Nb4+ 30. Kb1 Bh3 31. Rf2 Bg4 32. Rd2 Bc5 33. Nc1 Bxf2 34. Rxf2 Kd7 35. Nd3 Nxd3 36. Bxd3 Ke7 37. Kb2 Be6 38. Kc3 Rd8 39. Bc4 Bxc4 40. bxc4 Kf6 41. Rd2 Rxd2 42. Kxd2 Ke6 43. c5 Kf6 44. Ke3 Ke6 45. Kf3 Kf6 46. g4 exf4 47. Kxf4 Ke6 48. gxh5 gxh5 49. Kg5 Ke5 50. Kxh5 Kxe4 51. Kg6 Kd4 1-0

[Event "Berlin-ch Seniors op 31st"]
[Site "Berlin"]
[Date "2015.01.30"]
[Round "2"]
[White "Strehlow, Horst"]
[Black "Thur, Herbert"]
[Result "1-0"]
[WhiteElo "2004"]
[BlackElo "1217"]
[PlyCount "79"]
[EventDate "2015.01.29"]
[EventType "swiss"]
[EventRounds "9"]
[EventCountry "GER"]
[SourceTitle "EXT 2018"]
[Source "ChessBase"]
[SourceDate "2017.10.13"]
[SourceVersion "1"]
[SourceVersionDate "2017.10.13"]
[SourceQuality "1"]

1. e4 e5 2. Nf3 d6 3. d4 f6 4. Bc4 Ne7 5. dxe5 fxe5 6. Ng5 d5 7. exd5 h6 8. Ne4 Bf5 9. Nbc3 Ng6 10. Ng3 Qd7 11. Qe2 Bd6 12. Nxf5 Qxf5 13. Bd3 Qf7 14. Ne4 0-0 15. Nxd6 cxd6 16. 0-0 Nf4 17. Bxf4 exf4 18. Qe4 g6 19. Qxg6+ Qxg6 20. Bxg6 Nd7 21. Bh5 Ne5 22. Rfe1 Rf5 23. Bf3 Nxf3+ 24. gxf3 Rxd5 25. Re4 Rg5+ 26. Kf1 Rf8 27. Rd1 d5 28. Red4 Rd8 29. Rxf4 Rd7 30. Rg4 Kf7 31. Rxg5 hxg5 32. Rd4 Ke6 33. h4 Rf7 34. Ke2 gxh4 35. Rxh4 b5 36. Ke3 a5 37. f4 Kd6 38. Kd4 Rf6 39. a3 Re6 40. f5 1-0

[Event "Berlin-ch Seniors op 31st"]
[Site "Berlin"]
[Date "2015.01.29"]
[Round "1"]
[White "Kranch, Klaus"]
[Black "Strehlow, Horst"]
[Result "1/2-1/2"]
[WhiteElo "1599"]
[BlackElo "2004"]
[PlyCount "64"]
[EventDate "2015.01.29"]
[EventType "swiss"]
[EventRounds "9"]
[EventCountry "GER"]
[SourceTitle "EXT 2018"]
[Source "ChessBase"]
[SourceDate "2017.10.13"]
[SourceVersion "1"]
[SourceVersionDate "2017.10.13"]
[SourceQuality "1"]

1. c4 c5 2. Nc3 Nf6 3. e4 Nc6 4. Nf3 d6 5. d4 cxd4 6. Nxd4 g6 7. Be3 Bg7 8. Be2 0-0 9. 0-0 Bd7 10. a3 a6 11. Rc1 Rc8 12. b4 Nxd4 13. Bxd4 Bc6 14. f3 Bd7 15. Be3 Be6 16. Nd5 Nd7 17. Qd2 Bxd5 18. cxd5 b5 19. Rxc8 Qxc8 20. Rc1 Qb7 21. Qc2 Nb6 22. Qc7 Qxc7 23. Rxc7 Na4 24. Bd1 Bb2 25. Bxa4 bxa4 26. Bc1 Bd4+ 27. Kf1 e6 28. dxe6 fxe6 29. Ke2 d5 30. Kd3 Be5 31. Rc6 dxe4+ 32. Kxe4 Bxh2 1/2-1/2

[Event "Berlin Lichtenberger op 12th"]
[Site "Berlin"]
[Date "2013.08.24"]
[Round "8"]
[White "Strehlow, Horst"]
[Black "Burger, Heinrich"]
[Result "1/2-1/2"]
[WhiteElo "2026"]
[BlackElo "2120"]
[PlyCount "41"]
[EventDate "2013.08.17"]
[EventType "swiss"]
[EventRounds "9"]
[EventCountry "GER"]
[SourceTitle "CBM 156 Extra"]
[Source "ChessBase"]
[SourceDate "2013.10.22"]
[SourceVersion "1"]
[SourceVersionDate "2013.10.22"]
[SourceQuality "1"]

1. e4 b6 2. d4 Bb7 3. Bd3 e6 4. Nf3 Nf6 5. Qe2 d5 6. e5 Ne4 7. 0-0 Be7 8. c4 h6 9. Nc3 Nxc3 10. bxc3 dxc4 11. Bxc4 0-0 12. Nd2 c5 13. dxc5 Bxc5 14. Ne4 Qc7 15. Nxc5 Qxc5 16. Qg4 h5 17. Qf4 Nd7 18. Re1 Rac8 19. Bb3 Qxc3 20. Ba3 Nc5 21. Qg5 1/2-1/2

[Event "Berlin Lichtenberger op 12th"]
[Site "Berlin"]
[Date "2013.08.22"]
[Round "6"]
[White "Strehlow, Horst"]
[Black "Tschirschwitz, Stephan"]
[Result "1-0"]
[WhiteElo "2026"]
[BlackElo "1570"]
[PlyCount "109"]
[EventDate "2013.08.17"]
[EventType "swiss"]
[EventRounds "9"]
[EventCountry "GER"]
[SourceTitle "CBM 156 Extra"]
[Source "ChessBase"]
[SourceDate "2013.10.22"]
[SourceVersion "1"]
[SourceVersionDate "2013.10.22"]
[SourceQuality "1"]

1. e4 c5 2. Nf3 Nc6 3. d4 cxd4 4. Nxd4 e6 5. Nb5 d6 6. Bf4 e5 7. Be3 a6 8. N5c3 Nf6 9. Nd5 Nxd5 10. Qxd5 Be6 11. Qd2 d5 12. exd5 Bxd5 13. Nc3 Be6 14. 0-0-0 Qxd2+ 15. Rxd2 Be7 16. g3 Rd8 17. Rxd8+ Nxd8 18. Bg2 Nc6 19. Nd5 Bxd5 20. Bxd5 0-0 21. Bxc6 bxc6 22. Rd1 Rd8 23. Rxd8+ Bxd8 24. Kd2 Kf8 25. Kd3 Ke8 26. Kc4 Kd7 27. b4 f5 28. a4 g5 29. f4 gxf4 30. gxf4 exf4 31. Bxf4 Bc7 32. Bxc7 Kxc7 33. Kd4 Kd6 34. c4 c5+ 35. bxc5+ Kc6 36. h4 f4 37. Ke4 f3 38. Kxf3 Kxc5 39. Kg4 Kxc4 40. Kg5 Kd5 41. Kh6 Ke6 42. Kxh7 Kf7 43. a5 Ke6 44. Kg7 Kd5 45. h5 Kc5 46. h6 Kb5 47. h7 Kxa5 48. Kf7 Kb4 49. h8Q a5 50. Qa1 a4 51. Ke6 Kb3 52. Kd5 a3 53. Kd4 a2 54. Kd3 Ka3 55. Kc4 1-0

[Event "Berlin Lichtenberger op 11th"]
[Site "Berlin"]
[Date "2012.08.25"]
[Round "8"]
[White "Strehlow, Horst"]
[Black "Meyer, Willfried"]
[Result "0-1"]
[WhiteElo "2074"]
[BlackElo "1807"]
[PlyCount "82"]
[EventDate "2012.08.18"]
[EventType "swiss"]
[EventRounds "9"]
[EventCountry "GER"]
[SourceTitle "CBM 150 Extra"]
[Source "ChessBase"]
[SourceDate "2012.10.19"]
[SourceVersion "1"]
[SourceVersionDate "2012.10.19"]
[SourceQuality "1"]

1. e4 c5 2. d4 cxd4 3. Nf3 d6 4. Nxd4 Nf6 5. Nc3 g6 6. Bc4 Bg7 7. f3 Nc6 8. Be3 Bd7 9. Qd2 Ne5 10. Bb3 Rc8 11. 0-0-0 Qa5 12. g4 Nc4 13. Bxc4 Rxc4 14. Nb3 Qa6 15. e5 Nxg4 16. fxg4 Bxg4 17. Nd5 Qxa2 18. Bd4 0-0 19. Bc3 Bxe5 20. Bxe5 dxe5 21. Nc3 Qa6 22. Rde1 Bf3 23. Rhf1 e4 24. Kb1 Rfc8 25. Rf2 e5 26. Qd5 Qb6 27. Rd2 e3 28. Qxf3 exd2 29. Rd1 a5 30. Rxd2 a4 31. Rd7 Rf4 32. Nxa4 Qb5 33. Qxb7 Rf1+ 34. Nc1 Qc4 35. Nc3 Re8 36. Qd5 Qxd5 37. Nxd5 e4 38. Ne3 Re1 39. Nd5 Kg7 40. c4 e3 41. Kc2 Rxc1+ 0-1

[Event "Berlin Lichtenberger op 11th"]
[Site "Berlin"]
[Date "2012.08.23"]
[Round "6"]
[White "Strehlow, Horst"]
[Black "Bandsom, Olaf"]
[Result "1-0"]
[WhiteElo "2074"]
[BlackElo "1800"]
[PlyCount "144"]
[EventDate "2012.08.18"]
[EventType "swiss"]
[EventRounds "9"]
[EventCountry "GER"]
[SourceTitle "CBM 150 Extra"]
[Source "ChessBase"]
[SourceDate "2012.10.19"]
[SourceVersion "1"]
[SourceVersionDate "2012.10.19"]
[SourceQuality "1"]

1. e4 e5 2. Nf3 Nc6 3. d4 exd4 4. Nxd4 Bc5 5. Nf5 Qf6 6. Nc3 Nge7 7. Ne3 0-0 8. g3 a6 9. Bg2 d6 10. 0-0 Qe6 11. Kh1 Qd7 12. f4 f5 13. exf5 Bxe3 14. Bxe3 Nxf5 15. Bf2 Kh8 16. Qd2 Qd8 17. Rfe1 Bd7 18. Nd5 Rb8 19. c4 Nfe7 20. Re2 Nxd5 21. cxd5 Ne7 22. Rae1 Ng8 23. Bd4 Bg4 24. Re3 Qd7 25. Qc3 Rbc8 26. Kg1 Nf6 27. Bxf6 Rxf6 28. Re7 Qd8 29. h3 Bh5 30. g4 Bf7 31. f5 c6 32. dxc6 bxc6 33. Qd3 Qb6+ 34. Kh1 h6 35. b3 Rc7 36. Rxc7 Qxc7 37. Qxa6 d5 38. Qe2 Qa5 39. Rc1 Qa3 40. Rc2 Qa7 41. a4 Qb7 42. Qd3 Qb4 43. Qc3 Qxc3 44. Rxc3 d4 45. Rd3 c5 46. Kg1 Rb6 47. a5 Ra6 48. b4 cxb4 49. Rxd4 Rxa5 50. Rxb4 Re5 51. Kf2 Kg8 52. Rb6 Bc4 53. Bf3 Rb5 54. Rd6 Rb2+ 55. Kg3 Rb3 56. Kf4 Rb8 57. h4 Bf7 58. Rd4 Re8 59. g5 hxg5+ 60. hxg5 Rc8 61. g6 Ba2 62. Kg5 Kf8 63. Bb7 Rb8 64. Rd7 Bb3 65. Rc7 Ba2 66. f6 gxf6+ 67. Kxf6 Rd8 68. Be4 Rd6+ 69. Kg5 Rd1 70. Bf5 Rd8 71. Kh6 Bg8 72. g7+ Ke8 1-0

[Event "Berlin Lichtenberger op 11th"]
[Site "Berlin"]
[Date "2012.08.22"]
[Round "5"]
[White "Kretzschmar, Jan"]
[Black "Strehlow, Horst"]
[Result "1/2-1/2"]
[WhiteElo "1839"]
[BlackElo "2074"]
[PlyCount "46"]
[EventDate "2012.08.18"]
[EventType "swiss"]
[EventRounds "9"]
[EventCountry "GER"]
[SourceTitle "CBM 150 Extra"]
[Source "ChessBase"]
[SourceDate "2012.10.19"]
[SourceVersion "1"]
[SourceVersionDate "2012.10.19"]
[SourceQuality "1"]

1. d4 Nf6 2. Nf3 g6 3. c4 Bg7 4. Nc3 d5 5. cxd5 Nxd5 6. e4 Nxc3 7. bxc3 0-0 8. h3 c5 9. Bc4 Nc6 10. 0-0 cxd4 11. cxd4 Nxd4 12. Rb1 e6 13. Ba3 Re8 14. Re1 a6 15. e5 Nxf3+ 16. Qxf3 Qc7 17. Rbc1 Bh6 18. Bd6 Qa5 19. Rcd1 Ra7 20. Bb8 Ra8 21. Bd6 Ra7 22. Bb8 Ra8 23. Bd6 Bf8 1/2-1/2

[Event "Berlin Lichtenberger op 11th"]
[Site "Berlin"]
[Date "2012.08.21"]
[Round "4"]
[White "Strehlow, Horst"]
[Black "Geissler, Felix"]
[Result "0-1"]
[WhiteElo "2074"]
[BlackElo "1766"]
[PlyCount "60"]
[EventDate "2012.08.18"]
[EventType "swiss"]
[EventRounds "9"]
[EventCountry "GER"]
[SourceTitle "CBM 150 Extra"]
[Source "ChessBase"]
[SourceDate "2012.10.19"]
[SourceVersion "1"]
[SourceVersionDate "2012.10.19"]
[SourceQuality "1"]

1. e4 c5 2. Nf3 e6 3. d4 cxd4 4. Nxd4 Nc6 5. Nb5 d6 6. Bf4 e5 7. Be3 Nf6 8. N1c3 a6 9. Na3 b5 10. Nd5 Be7 11. Bb6 Qd7 12. Nc7+ Kf8 13. Nxa8 Qb7 14. Bd3 Qxa8 15. c3 d5 16. exd5 Nxd5 17. Be3 Nxe3 18. fxe3 Qa7 19. Nc2 Bc5 20. Qf3 Bb7 21. Be4 Qb6 22. 0-0 f6 23. Rad1 Ke7 24. Rd3 Rd8 25. Rfd1 Rxd3 26. Rxd3 b4 27. Qg4 g6 28. Qd7+ Kf8 29. Bd5 Be7 30. cxb4 Nxb4 0-1

[Event "Berlin Lichtenberger op 11th"]
[Site "Berlin"]
[Date "2012.08.19"]
[Round "2"]
[White "Strehlow, Horst"]
[Black "Laurin, Dirk"]
[Result "1-0"]
[WhiteElo "2074"]
[BlackElo "1665"]
[PlyCount "91"]
[EventDate "2012.08.18"]
[EventType "swiss"]
[EventRounds "9"]
[EventCountry "GER"]
[SourceTitle "CBM 150 Extra"]
[Source "ChessBase"]
[SourceDate "2012.10.19"]
[SourceVersion "1"]
[SourceVersionDate "2012.10.19"]
[SourceQuality "1"]

1. e4 g6 2. d4 Bg7 3. Nc3 d6 4. f4 Nf6 5. Nf3 0-0 6. e5 dxe5 7. dxe5 Qxd1+ 8. Kxd1 Ng4 9. Ke1 Nh6 10. Nd5 Nc6 11. Bb5 Nf5 12. Nxc7 Rb8 13. Nd5 Nfd4 14. Nxd4 Nxd4 15. Bd3 Nc6 16. Be3 Be6 17. Be4 b6 18. Kf2 Rbc8 19. c3 Rfd8 20. Rhd1 Bd7 21. Rd2 f5 22. Bf3 e6 23. Nf6+ Bxf6 24. exf6 Be8 25. Rad1 Rxd2+ 26. Rxd2 Rd8 27. Bxc6 Rxd2+ 28. Bxd2 Bxc6 29. Be3 Kf7 30. Bd4 Bd5 31. a3 Be4 32. g3 Bd5 33. Ke3 Bc4 34. Be5 b5 35. Kd4 a6 36. Kc5 a5 37. b3 Be2 38. a4 Bc4 39. axb5 Bxb3 40. b6 Bd5 41. Kb5 a4 42. Kxa4 h6 43. Kb5 Bb7 44. c4 g5 45. c5 gxf4 46. gxf4 1-0

[Event "Berlin-ch Seniors op 28th"]
[Site "Berlin"]
[Date "2012.02.02"]
[Round "7.8"]
[White "Strehlow, Horst"]
[Black "Fiedler, Wolfgang2222"]
[Result "1-0"]
[WhiteElo "1932"]
[BlackElo "1813"]
[PlyCount "69"]
[EventDate "2012.01.27"]
[EventType "swiss"]
[EventRounds "9"]
[EventCountry "GER"]
[SourceTitle "EXT 2022"]
[Source "ChessBase"]
[SourceDate "2021.10.06"]
[SourceVersion "1"]
[SourceVersionDate "2021.10.06"]
[SourceQuality "1"]

1. e4 Nf6 2. d3 e5 3. Nf3 d5 4. Nbd2 Nc6 5. c3 a5 6. Be2 Bd6 7. 0-0 0-0 8. Qc2 Bg4 9. Rd1 Qe7 10. Nf1 Bxf3 11. Bxf3 d4 12. Ng3 Qe6 13. Nf5 Bc5 14. a3 dxc3 15. bxc3 Rfd8 16. Rb1 Rab8 17. Bb2 Bb6 18. d4 Qe8 19. d5 Ne7 20. Ng3 Bc5 21. c4 Ng6 22. a4 b6 23. Bc3 Rd7 24. Rb5 Nh4 25. Bxa5 Nxf3+ 26. gxf3 Ra8 27. Bc3 c6 28. dxc6 Rxd1+ 29. Qxd1 Rd8 30. Qb1 Qxc6 31. a5 bxa5 32. Bxa5 Rc8 33. Rb7 g6 34. Qb5 Bd4 35. Rb8 1-0

[Event "Berlin Lichtenberger op 10th"]
[Site "Berlin"]
[Date "2011.08.21"]
[Round "9"]
[White "Boeck, Moacir Luis"]
[Black "Strehlow, Horst"]
[Result "0-1"]
[WhiteElo "1830"]
[BlackElo "2074"]
[PlyCount "77"]
[EventDate "2011.08.13"]
[EventType "swiss"]
[EventRounds "9"]
[EventCountry "GER"]
[SourceTitle "CBM 143 Extra"]
[Source "ChessBase"]
[SourceDate "2011.08.29"]
[SourceVersion "1"]
[SourceVersionDate "2011.08.29"]
[SourceQuality "1"]

1. e4 c5 2. Nf3 Nc6 3. d4 cxd4 4. Nxd4 g6 5. Nxc6 bxc6 6. Qd4 f6 7. f4 Qb6 8. Be3 Qxd4 9. Bxd4 Bg7 10. Bc4 e6 11. 0-0 Ne7 12. Bc5 f5 13. e5 Nd5 14. Bxd5 cxd5 15. Nc3 Ba6 16. Rfd1 Kf7 17. Rd4 Rhc8 18. Bd6 Rc4 19. Rxc4 Bxc4 20. b3 Ba6 21. Na4 Rc8 22. Nc5 Rc6 23. Rc1 Rxd6 24. exd6 Bd4+ 25. Kh1 Bxc5 26. g3 h6 27. Kg2 Bxd6 28. c4 dxc4 29. bxc4 Bb7+ 30. Kf2 Bc5+ 31. Ke2 Be4 32. Kd2 g5 33. fxg5 hxg5 34. Kc3 Kf6 35. Kb3 d6 36. Ka4 f4 37. gxf4 gxf4 38. Kb3 f3 39. Re1 0-1

[Event "Berlin Lichtenberger op 10th"]
[Site "Berlin"]
[Date "2011.08.20"]
[Round "8"]
[White "Strehlow, Horst"]
[Black "Zschaebitz, Klaus"]
[Result "0-1"]
[WhiteElo "2074"]
[BlackElo "2088"]
[PlyCount "110"]
[EventDate "2011.08.13"]
[EventType "swiss"]
[EventRounds "9"]
[EventCountry "GER"]
[SourceTitle "CBM 143 Extra"]
[Source "ChessBase"]
[SourceDate "2011.08.29"]
[SourceVersion "1"]
[SourceVersionDate "2011.08.29"]
[SourceQuality "1"]

1. e4 e6 2. d4 d5 3. Nd2 Nf6 4. e5 Nfd7 5. f4 c5 6. c3 Nc6 7. Ndf3 cxd4 8. cxd4 Bb4+ 9. Kf2 f6 10. g3 fxe5 11. dxe5 Be7 12. Kg2 Nc5 13. a3 a5 14. Be3 b6 15. Bb5 Bd7 16. Bxc6 Bxc6 17. Nd4 Bd7 18. Ngf3 0-0 19. h4 h6 20. g4 Ne4 21. g5 Qe8 22. h5 Rf7 23. g6 Rf8 24. Nd2 Bc5 25. N2f3 Rc8 26. Rc1 Qe7 27. Qe2 b5 28. Nb3 Bxe3 29. Qxe3 a4 30. Nbd4 Rc4 31. Rxc4 bxc4 32. Nc2 Qc5 33. Nfd4 Rc8 34. Rf1 Qe7 35. Ne2 Qh4 36. Qh3 Qxh3+ 37. Kxh3 Kf8 38. Kg4 Rb8 39. Nb4 Ke7 40. Nd4 Rf8 41. f5 exf5+ 42. Kf4 Be6 43. Nbc6+ Kd7 44. Nxe6 Kxe6 45. Nd4+ Kd7 46. Rd1 Nf2 47. Rd2 Nd3+ 48. Ke3 f4+ 49. Ke2 Nxe5 50. Nb5 Nd3 51. Nc3 Re8+ 52. Kf3 Re3+ 53. Kg4 Rg3+ 54. Kh4 Kd6 55. Nxa4 Ne1 0-1

[Event "Berlin Lichtenberger op 10th"]
[Site "Berlin"]
[Date "2011.08.14"]
[Round "3"]
[White "Schrodt, Horst"]
[Black "Strehlow, Horst"]
[Result "0-1"]
[WhiteElo "1709"]
[BlackElo "2074"]
[PlyCount "100"]
[EventDate "2011.08.13"]
[EventType "swiss"]
[EventRounds "9"]
[EventCountry "GER"]
[SourceTitle "CBM 143 Extra"]
[Source "ChessBase"]
[SourceDate "2011.08.29"]
[SourceVersion "1"]
[SourceVersionDate "2011.08.29"]
[SourceQuality "1"]

1. d4 d5 2. c4 c6 3. Nc3 e6 4. cxd5 cxd5 5. Nf3 Nc6 6. Bf4 a6 7. a3 Nf6 8. Rc1 Ne4 9. e3 f5 10. Be2 Be7 11. Ne5 Nxe5 12. Bxe5 Bf6 13. Bxf6 Qxf6 14. Na4 0-0 15. Nb6 Rb8 16. Rc7 e5 17. dxe5 Qxb6 18. Qxd5+ Be6 19. Qxe6+ Qxe6 20. Bc4 Qxc4 21. Rxc4 Rbc8 22. Rxc8 Rxc8 23. 0-0 Rc5 24. f3 Ng5 25. h4 Ne6 26. f4 Kf7 27. Rd1 Ke7 28. Rd3 Rc1+ 29. Kh2 Rc2 30. b4 g6 31. Kh3 h5 32. Kg3 Rc7 33. Kf3 Rd7 34. Rc3 Nc7 35. Rb3 Ke6 36. a4 Rd1 37. b5 a5 38. b6 Na6 39. Ke2 Rd5 40. Rc3 Rc5 41. Rd3 Rc6 42. Rb3 Nb4 43. e4 fxe4 44. Rg3 Kd5 45. Rg5 Kd4 46. e6 Rxe6 47. Rxa5 Rxb6 48. f5 gxf5 49. Rxf5 Nd5 50. g3 Rb2+ 0-1

[Event "Berlin-ch Seniors op 27th"]
[Site "Berlin"]
[Date "2011.02.03"]
[Round "6"]
[White "Burger, Heinrich"]
[Black "Strehlow, Horst"]
[Result "1-0"]
[WhiteElo "2051"]
[BlackElo "1910"]
[PlyCount "55"]
[EventDate "2011.01.29"]
[EventType "swiss"]
[EventRounds "9"]
[EventCountry "GER"]
[SourceTitle "EXT 2012"]
[Source "ChessBase"]
[SourceDate "2011.11.24"]
[SourceVersion "1"]
[SourceVersionDate "2011.11.24"]
[SourceQuality "1"]

1. d4 Nf6 2. c4 e6 3. g3 b6 4. Bg2 c6 5. Nd2 d5 6. Ngf3 Bd6 7. 0-0 0-0 8. Qc2 Ba6 9. b3 c5 10. e4 dxe4 11. Nxe4 Nxe4 12. Qxe4 Nd7 13. Ng5 Nf6 14. Qxa8 Qxa8 15. Bxa8 Rxa8 16. Bb2 h6 17. dxc5 Bxc5 18. Bxf6 gxf6 19. Ne4 Be7 20. Rad1 b5 21. Nd6 bxc4 22. Nxc4 Rc8 23. Rd7 Bc5 24. Rfd1 Kg7 25. Nd6 Rc6 26. Nxf7 Bc8 27. Ne5+ Bxd7 28. Rxd7+ 1-0

[Event "Berlin Lichtenberger op 9th"]
[Site "Berlin"]
[Date "2010.08.11"]
[Round "5"]
[White "Strehlow, Horst"]
[Black "Schulz, Toni1111"]
[Result "0-1"]
[WhiteElo "2101"]
[BlackElo "1857"]
[PlyCount "80"]
[EventDate "2010.08.07"]
[EventType "swiss"]
[EventRounds "9"]
[EventCountry "GER"]
[SourceTitle "CBM 137 Extra"]
[Source "ChessBase"]
[SourceDate "2010.09.01"]
[SourceVersion "1"]
[SourceVersionDate "2010.09.01"]
[SourceQuality "1"]

1. e4 d5 2. exd5 Qxd5 3. Nc3 Qa5 4. d4 Nf6 5. Bc4 c6 6. Qe2 Bf5 7. Nf3 e6 8. Bd2 Bb4 9. a3 0-0 10. 0-0 Bxc3 11. Bxc3 Qc7 12. Ne5 Nbd7 13. Rac1 Rfd8 14. Bb3 Be4 15. Nxd7 Rxd7 16. d5 cxd5 17. Bxf6 gxf6 18. c4 Qd8 19. Rc3 d4 20. Rg3+ Bg6 21. h4 Kf8 22. h5 Bf5 23. Rd1 Qa5 24. Bc2 Bxc2 25. Qxc2 Qxh5 26. Rh3 Qg6 27. Qa4 Rad8 28. Qxa7 Qc2 29. Qc5+ Ke8 30. Rdd3 Qc1+ 31. Kh2 Qf4+ 32. Rhg3 Qd6 33. Qh5 e5 34. Qxh7 Ke7 35. Rg7 Qe6 36. g4 e4 37. Rd1 e3 38. fxe3 dxe3 39. Re1 Rd2+ 40. Kh1 Qc6+ 0-1

[Event "Berlin-ch Seniors op 26th"]
[Site "Berlin"]
[Date "2010.02.17"]
[Round "9"]
[White "Burger, Heinrich"]
[Black "Strehlow, Horst"]
[Result "1-0"]
[WhiteElo "2066"]
[BlackElo "1899"]
[PlyCount "41"]
[EventDate "2010.02.09"]
[EventType "swiss"]
[EventRounds "9"]
[EventCountry "GER"]
[SourceTitle "EXT 2012"]
[Source "ChessBase"]
[SourceDate "2011.11.24"]
[SourceVersion "1"]
[SourceVersionDate "2011.11.24"]
[SourceQuality "1"]

1. d4 e6 2. g3 Nf6 3. Bg2 c5 4. Nf3 Nc6 5. 0-0 cxd4 6. Nxd4 d5 7. c4 Bc5 8. Nxc6 bxc6 9. Qc2 Be7 10. Nc3 0-0 11. Rd1 Ba6 12. cxd5 cxd5 13. e4 Qc8 14. Qa4 dxe4 15. Nxe4 Bb7 16. Bg5 Nxe4 17. Bxe7 Re8 18. Rac1 Qb8 19. Rd7 f5 20. Qd4 Bc8 21. Bf8 1-0